Развитие самостоятельности в процессе обучения иностранному языку в неязыковом вузе; Молодой ученый; № 5 (85)
| Parent link: | Молодой ученый: ежемесячный научный журнал.— , 2008- № 5 (85).— 2015.— [С. 493-496] |
|---|---|
| Autor principal: | |
| Autor corporatiu: | |
| Sumari: | Заглавие с экрана В статье раскрывается сущность самостоятельности в процессе обучения иностранным языкам, определяется ее место в учебном процессе. Раскрываются педагогические и методические технологии развития самостоятельности. Представлены виды работ, способствующие развитию самостоятельности в процессе обучения иностранному языку. |
| Idioma: | rus |
| Publicat: |
2015
|
| Matèries: | |
| Accés en línia: | http://www.moluch.ru/archive/85/15850/ |
| Format: | MixedMaterials Electrònic Capítol de llibre |
| KOHA link: | https://koha.lib.tpu.ru/cgi-bin/koha/opac-detail.pl?biblionumber=641605 |
MARC
| LEADER | 00000naa0a2200000 4500 | ||
|---|---|---|---|
| 001 | 641605 | ||
| 005 | 20250331131657.0 | ||
| 035 | |a (RuTPU)RU\TPU\network\6522 | ||
| 090 | |a 641605 | ||
| 100 | |a 20150522d2015 k||y0rusy50 ba | ||
| 101 | 0 | |a rus | |
| 102 | |a RU | ||
| 135 | |a drcn ---uucaa | ||
| 181 | 0 | |a i | |
| 182 | 0 | |a b | |
| 200 | 1 | |a Развитие самостоятельности в процессе обучения иностранному языку в неязыковом вузе |f Н. А. Маркова | |
| 203 | |a Текст |c электронный | ||
| 300 | |a Заглавие с экрана | ||
| 320 | |a [Библиогр.: с. 496 (5 назв.)] | ||
| 330 | |a В статье раскрывается сущность самостоятельности в процессе обучения иностранным языкам, определяется ее место в учебном процессе. Раскрываются педагогические и методические технологии развития самостоятельности. Представлены виды работ, способствующие развитию самостоятельности в процессе обучения иностранному языку. | ||
| 461 | |t Молодой ученый |o ежемесячный научный журнал |d 2008- | ||
| 463 | |t № 5 (85) |v [С. 493-496] |d 2015 | ||
| 610 | 1 | |a электронный ресурс | |
| 610 | 1 | |a труды учёных ТПУ | |
| 610 | 1 | |a самостоятельность | |
| 610 | 1 | |a обучение | |
| 610 | 1 | |a иностранный язык | |
| 610 | 1 | |a неязыковые вузы | |
| 610 | 1 | |a технические вузы | |
| 610 | 1 | |a формирование | |
| 610 | 1 | |a навыки | |
| 610 | 1 | |a учебный процесс | |
| 700 | 1 | |a Маркова |b Н. А. |c лингвист |c преподаватель Томского политехнического университета |f 1976- |g Наталия Александровна |3 (RuTPU)RU\TPU\pers\32549 |9 16471 | |
| 712 | 0 | 2 | |a Национальный исследовательский Томский политехнический университет (ТПУ) |b Институт кибернетики (ИК) |b Кафедра иностранных языков института кибернетики (ИЯИК) |3 (RuTPU)RU\TPU\col\18707 |
| 801 | 2 | |a RU |b 63413507 |c 20150522 |g RCR | |
| 856 | 4 | 0 | |u http://www.moluch.ru/archive/85/15850/ |
| 942 | |c CF | ||